000 01565nam a22003137a 4500
999 _c1038
_d1038
003 AR-CdUCM
008 190226b ||||| |||| 00| 0 spa d
040 _aMUNICIPALIDAD PROVINCIAL DEL CUSCO
_cBIBLIOTECA MUNICIPAL DEL CUSCO
041 _hrus
082 _a335.409 /
_bSO63
100 _aSobolev, A.
_94038
245 _aLa Internacional Comunista :
_bEnsayo histórico sucinto /
_cSobolev, A. ; Shirinia, K. ; Firsov, F ; Koroliov, N. ; Reznikov, A. ; Zastavenko, G. ; Churbanov, L. ; Sokolov, E. (coautores) ; Kuznetsov M. (traductor)
260 _aMoscú :
_bEd. Progreso,
300 _a561 páginas ;
_c21 cm.
505 _aFormación de la Internacional Comunista -- la Comunista como vanguardia de las fuerzas Revolucionarias del mundo (1919-1920) -- la lucha de la Internacional Comunista por las masas -- la Cominter en los años de estabilización parcial del capitalismo -- la Comunista durante en periodo de la crisis Económica del mundo Capitalista -- la Internacional Comunista en la lucha por el frente único de obreros y popular contra el Fascismo y la guerra ...
650 _aFascismo - Comunismo.
_94039
650 _aMarxismo - Leninismo.
_94040
650 _aInternacional.
_94041
700 _aShirinia, K.
_94042
700 _aFirsov, F.
_94043
700 _aKoro.liov, N.
_94044
700 _aReznikov, A.
_94045
700 _aZastavenko, G.
_94046
700 _aChurbanov, L.
_94047
700 _aSokolov, E. (coautores)
_94048
700 _aKuznetsov M. (traductor)
_94049
942 _2ddc
_cLIBROS
945 _aachl
_d2019-02-26